46 West Grab Bag II - Statistics

General Stats
  • This quiz has been taken 9 times
  • The average score is 7 of 20
Answer Stats
Question Answer % Correct
Which movie features the quote: “I’m funny how? I mean, funny like I’m a clown? I amuse you?” Goodfellas
88%
Which actor voiced both Darth Vader in Star Wars and Mufasa in The Lion King? James Earl Jones
63%
Ken Stabler and who else are the only left-handed starting quarterbacks to win the Super Bowl? Steve Young
63%
Who is the leader of the lemurs in Madagascar? King Julien
50%
What was the first Pixar movie ever released? Toy Story
50%
Can you name the Ridley Scott-directed film starring Denzel Washington and Russell Crowe? American Gangster
38%
Who holds the NFL record for single-season receiving yards with 1,964 yards? Calvin Johnson
38%
Who is the only player to win NBA MVP, Coach of the Year, and Executive of the Year? Larry Bird
38%
Which team originally drafted Dirk Nowitzki before trading him to the Dallas Mavericks? Milwaukee Bucks
38%
In the Call of Duty League, which submachine gun was used in Modern Warfare (2019)? MP5
38%
Which character in Project X is the mastermind behind the party? Costa
25%
Who was the first professional Call of Duty player to reach 100,000 kills in competitive history? Crimsix
25%
Who completed the Chicago Huntsmen roster during Black Ops Cold War, joining FormaL, Scump, and Dashy? Envoy
25%
What is the real name of legendary rock and pop icon Prince? Prince
25%
Who was the first rookie in Call of Duty history to win both MVP and a World Championship in the same season? Shotzzy
25%
Which movie features the quote: "I wrote you 365 letters. I wrote you every day for a year… It wasn’t over. It still isn’t over!"? The Notebook
25%
This former Call of Duty pro managed just 7 kills in a Hardpoint scrim before admitting, "I need to pre-aim and slow down a little bit." Censor
13%
In Spider-Man 3, what is the real name of the villain known as Sandman? Flint Marko
13%
Who coached defensive backs on Ohio State's 1968 National Championship team? Hint: Ryan Day would like to know where he is right now. Lou Holtz
13%
Which Black Ops 3 Specialist Weapon is described as: "Fires bolts of electricity that arc between enemies, securing multiple kills per shot"? Tempest
13%
No matching quizzes found
Score Distribution
Percent of People with Each Score
Percentile by Number Answered
Your Score History
You have not taken this quiz